[Event "Baden-ch U18/20"]
[Site "Karlsruhe"]
[Date "2014.01.04"]
[Round "5"]
[White "Senel, Osman"]
[Black "Markic, Antonio"]
[Result "0-1"]
[WhiteElo "1751"]
[BlackElo "1650"]
[PlyCount "100"]
[EventDate "2014.01.??"]
[EventType "swiss"]
[EventRounds "7"]
[EventCountry "GER"]
[SourceTitle "EXT 2022"]
[Source "ChessBase"]
[SourceDate "2021.10.06"]
[SourceVersion "1"]
[SourceVersionDate "2021.10.06"]
[SourceQuality "1"]

1. e4 e6 2. d4 d5 3. exd5 exd5 4. Bd3 Bd6 5. Nf3 Nc6 6. c3 Nge7 7. 0-0 Bf5 8. Be3 Qd7 9. Re1 f6 10. Qe2 g5 11. g3 h5 12. h4 gxh4 13. Nxh4 Bg4 14. Qc2 0-0-0 15. Nd2 f5 16. f4 Rhg8 17. Kh2 Rdf8 18. Ndf3 Ng6 19. Nxg6 Rxg6 20. Nh4 Rgg8 21. Kg2 Ne7 22. Rh1 Ng6 23. Kf2 Nxh4 24. gxh4 Qh7 25. Rag1 Qh6 26. Qd2 Qe6 27. Rg3 Be7 28. b4 Bf6 29. a4 Qe7 30. a5 Bxh4 31. c4 Bxg3+ 32. Kxg3 Be2+ 33. Kf2 Bxd3 34. Qxd3 dxc4 35. Qxc4 Qe4 36. Rh2 Re8 37. Qe2 Rg4 38. Qf3 Qc2+ 39. Qe2 Qxe2+ 40. Kxe2 h4 41. Kf2 Kd7 42. Rh3 Reg8 43. b5 b6 44. a6 Rg2+ 45. Kf1 R2g3 46. Rxg3 Rxg3 47. Kf2 Kd6 48. Bd2 Kd5 49. Bc1 Kc4 50. d5 Rg4 0-1

[Event "Baden-ch U18/20"]
[Site "Karlsruhe"]
[Date "2014.01.03"]
[Round "4"]
[White "Markic, Antonio"]
[Black "Herm, Marcel"]
[Result "0-1"]
[WhiteElo "1650"]
[BlackElo "1989"]
[PlyCount "58"]
[EventDate "2014.01.??"]
[EventType "swiss"]
[EventRounds "7"]
[EventCountry "GER"]
[SourceTitle "EXT 2022"]
[Source "ChessBase"]
[SourceDate "2021.10.06"]
[SourceVersion "1"]
[SourceVersionDate "2021.10.06"]
[SourceQuality "1"]

1. e4 c5 2. c3 d5 3. exd5 Qxd5 4. d4 Nf6 5. Nf3 Bg4 6. Be2 e6 7. Be3 cxd4 8. cxd4 Be7 9. 0-0 0-0 10. Nc3 Qd8 11. Qb3 Nc6 12. Rfd1 Nb4 13. Rac1 Rb8 14. Bf4 Rc8 15. Nb5 Nbd5 16. Bg3 Qb6 17. h3 Bh5 18. Rc2 Bg6 19. Bd3 Rxc2 20. Qxc2 Nb4 21. Qb3 Bxd3 22. Nc3 Bc2 23. Qc4 Bxd1 24. Nxd1 Qc6 25. Qb3 Qc2 26. Qxc2 Nxc2 27. a3 Rd8 28. Nc3 Nxd4 29. Ne5 Bd6 0-1

[Event "Baden-ch U18/20"]
[Site "Karlsruhe"]
[Date "2014.01.02"]
[Round "1"]
[White "Schell, Felix"]
[Black "Markic, Antonio"]
[Result "1/2-1/2"]
[WhiteElo "1800"]
[BlackElo "1650"]
[PlyCount "46"]
[EventDate "2014.01.??"]
[EventType "swiss"]
[EventRounds "7"]
[EventCountry "GER"]
[SourceTitle "EXT 2022"]
[Source "ChessBase"]
[SourceDate "2021.10.06"]
[SourceVersion "1"]
[SourceVersionDate "2021.10.06"]
[SourceQuality "1"]

1. Nf3 Nf6 2. d4 g6 3. Bf4 Bg7 4. c4 d6 5. Nc3 0-0 6. e4 Nc6 7. d5 e5 8. Be3 Ne7 9. h3 Ne8 10. Be2 f5 11. 0-0 f4 12. Bd2 h5 13. Rc1 Bh6 14. Nh2 Bg7 15. b4 Nf6 16. c5 Kh7 17. Bf3 Qe8 18. a4 a6 19. cxd6 cxd6 20. b5 g5 21. bxa6 bxa6 22. Na2 Qg6 23. Rc7 Rf7 1/2-1/2

[Event "Baden-ch op U1600"]
[Site "Birkenfeld"]
[Date "2013.06.02"]
[Round "7"]
[White "Senel, Osman"]
[Black "Markic, Antonio"]
[Result "1/2-1/2"]
[WhiteElo "1583"]
[BlackElo "1529"]
[PlyCount "87"]
[EventDate "2013.05.30"]
[EventType "swiss"]
[EventRounds "7"]
[EventCountry "GER"]
[SourceTitle "EXT 2014"]
[Source "ChessBase"]
[SourceDate "2013.11.20"]
[SourceVersion "1"]
[SourceVersionDate "2013.11.20"]
[SourceQuality "1"]

1. e4 e6 2. d4 d5 3. exd5 exd5 4. Nf3 Nc6 5. c3 Bd6 6. Bd3 Nge7 7. Qc2 h6 8. Be3 Be6 9. Nbd2 Qd7 10. 0-0-0 Bf5 11. Rde1 0-0-0 12. g3 Rde8 13. Re2 Bxd3 14. Qxd3 Qf5 15. Qb5 a6 16. Qa4 Qd3 17. Rhe1 Ng6 18. Qc2 Qxc2+ 19. Kxc2 Kd7 20. Ng1 Nce7 21. b4 b5 22. Nb3 Nf5 23. f4 Nge7 24. Bf2 h5 25. h4 Nh6 26. Nf3 f6 27. Nc5+ Bxc5 28. dxc5 c6 29. Nd4 Nef5 30. Rxe8 Nxd4+ 31. Bxd4 Rxe8 32. Rxe8 Kxe8 33. Kd3 Nf5 34. Bf2 Ke7 35. Ke2 Ke6 36. Kf3 Nh6 37. Be1 Kf5 38. Bf2 Nf7 39. Bd4 Nh6 40. Bf2 Ng4 41. Bg1 Nh6 42. Bd4 Nf7 43. Be3 Nd8 44. Bd4 1/2-1/2

[Event "Baden-ch op U1600"]
[Site "Birkenfeld"]
[Date "2013.05.31"]
[Round "4"]
[White "Markic, Antonio"]
[Black "Streeb, Pascal"]
[Result "1-0"]
[WhiteElo "1529"]
[BlackElo "1515"]
[PlyCount "41"]
[EventDate "2013.05.30"]
[EventType "swiss"]
[EventRounds "7"]
[EventCountry "GER"]
[SourceTitle "EXT 2014"]
[Source "ChessBase"]
[SourceDate "2013.11.20"]
[SourceVersion "1"]
[SourceVersionDate "2013.11.20"]
[SourceQuality "1"]

1. e4 e5 2. Nf3 Nc6 3. d4 exd4 4. Nxd4 Bc5 5. Be3 Qe7 6. Nc3 Qf6 7. Nd5 Qg6 8. Nxc7+ Kd8 9. Nxa8 Nxd4 10. Bxd4 Qxe4+ 11. Be3 Bxe3 12. fxe3 Qxe3+ 13. Qe2 Qc5 14. 0-0-0 Nf6 15. Qc4 Qe3+ 16. Kb1 Ne4 17. Qc7+ Ke8 18. Qe5+ Kf8 19. Qd4 Qf4 20. Nc7 Qf5 21. Bd3 1-0

[Event "Baden-ch op U1600"]
[Site "Birkenfeld"]
[Date "2013.05.30"]
[Round "1"]
[White "Markic, Antonio"]
[Black "Mittelstaedt, Ewald"]
[Result "1-0"]
[WhiteElo "1529"]
[BlackElo "1667"]
[PlyCount "107"]
[EventDate "2013.05.30"]
[EventType "swiss"]
[EventRounds "7"]
[EventCountry "GER"]
[SourceTitle "EXT 2014"]
[Source "ChessBase"]
[SourceDate "2013.11.20"]
[SourceVersion "1"]
[SourceVersionDate "2013.11.20"]
[SourceQuality "1"]

1. e4 c5 2. c3 e5 3. d4 cxd4 4. cxd4 exd4 5. Qxd4 Nc6 6. Qe3 Bb4+ 7. Nc3 Nge7 8. Bd2 0-0 9. Be2 Re8 10. a3 Ba5 11. Nf3 d5 12. Qd3 d4 13. Nb5 a6 14. Nbxd4 Nxd4 15. Nxd4 Qb6 16. b4 Rd8 17. Bc3 Nc6 18. bxa5 Nxa5 19. 0-0 Be6 20. Qe3 Nc4 21. Bxc4 Bxc4 22. Rfd1 Rac8 23. Qg3 Qg6 24. Qxg6 hxg6 25. Rac1 b5 26. f3 Kf8 27. Kf2 f6 28. Bb4+ Kf7 29. Ne2 g5 30. Ng3 g6 31. Nf1 Rxd1 32. Rxd1 Ke8 33. Rd6 Kf7 34. Rxa6 Bb3 35. Ra7+ Kg8 36. Rd7 Rc2+ 37. Nd2 Be6 38. Re7 Bf7 39. Kg3 Kg7 40. Rb7 f5 41. exf5 gxf5 42. Rxb5 Kg6 43. Rc5 f4+ 44. Kf2 Ra2 45. Rc6+ Kh5 46. g4+ fxg3+ 47. hxg3 Bg6 48. g4+ Kh6 49. Kg3 Ra1 50. Nc4 Kh7 51. Rc7+ Kg8 52. Rc8+ Kh7 53. Bc3 Rd1 54. Rh8# 1-0

[Event "Baden-ch U16"]
[Site "Karlsruhe Durlach"]
[Date "2012.01.03"]
[Round "4"]
[White "Udaykumar, Arunn Mark"]
[Black "Markic, Antonio"]
[Result "0-1"]
[WhiteElo "1300"]
[BlackElo "1346"]
[PlyCount "102"]
[EventDate "2012.01.02"]
[EventType "swiss"]
[EventRounds "7"]
[EventCountry "GER"]
[SourceTitle "EXT 2015"]
[Source "ChessBase"]
[SourceDate "2014.11.20"]
[SourceVersion "1"]
[SourceVersionDate "2014.11.20"]
[SourceQuality "1"]

1. e4 e6 2. d4 d5 3. e5 c5 4. c3 Nc6 5. Nf3 Bd7 6. Bd3 cxd4 7. cxd4 Rc8 8. 0-0 Nge7 9. a3 Qb6 10. Bc2 Nf5 11. Bxf5 exf5 12. Qd3 Be7 13. Nc3 Be6 14. b4 a6 15. Be3 0-0 16. Bg5 Bxg5 17. Nxg5 Qxd4 18. Qh3 h6 19. Rad1 Qxe5 20. Rfe1 Qf6 21. Nxe6 fxe6 22. Na4 Rfe8 23. Nc5 Qf7 24. Qe3 e5 25. f4 e4 26. Nb3 Rcd8 27. Nd4 Nxd4 28. Qxd4 Qe6 29. Re3 Rf8 30. Rg3 Rf6 31. Qa7 Qb6+ 32. Qxb6 Rxb6 33. Kf2 Re6 34. Rd4 Kf7 35. Re3 g5 36. Kg3 Red6 37. h4 Kg6 38. hxg5 hxg5 39. Rc3 Rc6 40. Rxc6+ bxc6 41. a4 Re8 42. b5 cxb5 43. axb5 axb5 44. Rxd5 e3 45. Re5 Rxe5 46. fxe5 f4+ 47. Kf3 Kf5 48. e6 Kxe6 49. g3 b4 50. gxf4 gxf4 51. Kxf4 e2 0-1

[Event "Baden-ch op U1200"]
[Site "Haslach im Kinzigtal"]
[Date "2010.05.31"]
[Round "1"]
[White "Markic, Antonio"]
[Black "Krueger, Florian"]
[Result "1-0"]
[WhiteElo "1138"]
[BlackElo "875"]
[PlyCount "67"]
[EventDate "2010.05.31"]
[EventType "swiss"]
[EventRounds "7"]
[EventCountry "GER"]
[SourceTitle "EXT 2011"]
[Source "ChessBase"]
[SourceDate "2010.11.26"]
[SourceVersion "1"]
[SourceVersionDate "2010.11.26"]
[SourceQuality "1"]

1. e4 e5 2. Nf3 Nf6 3. Nc3 Bb4 4. Nd5 Bc5 5. d3 c6 6. Nxf6+ Qxf6 7. Bg5 Qg6 8. Qd2 d6 9. 0-0-0 Bg4 10. Be2 f6 11. Bh4 Nd7 12. h3 Be6 13. Kb1 0-0-0 14. d4 exd4 15. Nxd4 Bxd4 16. Qxd4 a6 17. Bg3 d5 18. Bg4 Bf7 19. Bxd7+ Rxd7 20. Qa7 Rdd8 21. Qb8+ Kd7 22. Qc7+ Ke8 23. Bd6 Rd7 24. Qc8+ Rd8 25. Qxb7 Rxd6 26. exd5 Bxd5 27. Rhe1+ Re6 28. Qc8+ Ke7 29. Qc7+ Kf8 30. Rxe6 Bxe6 31. Rd8+ Qe8 32. Rxe8+ Kxe8 33. Qb8+ Kf7 34. Qxh8 1-0